000
00286nam a22001337a 4500
008
170316b xxu||||| |||| 00| 0 eng d
020
_a
39072
041
_a
eng
080
_2
2ND
_a
611
100
_a
7
101
_a
shm
245
_a
REVIEW OF GROSS ANATOMY
_c
PANSKY, B
942
_2
udc
_c
BK
999
_c
7966
_d
7966